00440nam a2200133Ia 4500008004100000020001400041245005900055260003700114516002000151650001500171650002600186830002800212856006600240140925s9999 xx 000 0 und d a2332-7308 aApplied Economics and Finance /h[electronic resource] bRedfame Publishing Inc.,cc2014. aElectronic text aEconomics. aFinancial Management. aRedfame Publishing Inc. uhttp://redfame.com/journal/index.php/aef/article/view/304/260